000 00521nam a2200205Ia 4500
003 GCL
008 140319s9999 xx 000 0 eng d
040 _aGCL /
_cGCL
082 0 4 _a658.4012
_bL C
100 1 _aJAUCH, HAWRONCE R.
245 _cJAUCH, HAWRONCE R.
700 1 _aTOWNSEND, JAMES B.
260 _a[S.N] :
_bMC GRAW - HILL ،
_c1990
300 _a410 P
650 0 4 _aMANAGEMENT
650 0 4 _aSTRATEGIC PLANNING
650 0 4 _aINTERNATIONAL BUSINESS ENTERPRISE
650 0 4 _aPLANNING
942 _2ddc
_cBK
999 _c16757
_d16757